00775 2200193 4500245004900000020002200049250001100071100001600082700002000098700001900118650002200137005001900159260004000178041001400218084001100232300002200243500030700265336000900572 aNanti Juga Sembuh SendiricHello BagashText a978-602-208-224-8 aCet. 5 aHello Bagas aFina Anggriyani aVarseliya Recy aPengembangan Diri a20241104113350 aYogyakartabGradien Mediatamac2022 aIndonesia a155.25 a164 hlm. :cilus. aKamu sudah berjalan sejauh ini. Kalau hari berat dan rasa sakit datang lagi, itu karena kamu sudah sangat bekerja keras untuk dirimu sendiri. Capek, ya? Akuin aja, gapapa. Karena kita gak harus senang terus, kita gak harus selalu kuat. Nikmatilah, karena pada akhirnya semua ini buat kita makin dewasa. atext